ՀՀ Գիտությունների ազգային ակադեմիայի հիմնարար գիտական գրադարան  =   Fundamental Scientific Library of NAS RA

Սիլոս / (Record no. 89671)

MARC details
000 -LEADER
fixed length control field 00683nam a2200193 u 4500
001 - CONTROL NUMBER
control field 000250447
003 - CONTROL NUMBER IDENTIFIER
control field AM-YeHGA
005 - DATE AND TIME OF LATEST TRANSACTION
control field 20250617125016.0
008 - FIXED-LENGTH DATA ELEMENTS--GENERAL INFORMATION
fixed length control field 030725s1953 ai r 000 0 arm d
040 ## - CATALOGING SOURCE
Original cataloging agency AM-YeHGA
090 ## - LOCALLY ASSIGNED LC-TYPE CALL NUMBER (OCLC); LOCAL CALL NUMBER (RLIN)
-- 90960
100 1# - MAIN ENTRY--PERSONAL NAME
Personal name Զուբրիլին, Ա.Ա.
245 10 - TITLE STATEMENT
Title Սիլոս /
Statement of responsibility, etc. Ա.Ա. Զուբրիլին, Ե.Ն. Միշուստին, Վ.Ա. Խարչենկո; Թարգմ.՝ Խ. Բարխուդարյան.
260 ## - PUBLICATION, DISTRIBUTION, ETC.
Place of publication, distribution, etc. Երևան :
Name of publisher, distributor, etc. Հայպետհրատ,
Date of publication, distribution, etc. 1953.
300 ## - PHYSICAL DESCRIPTION
Extent 334 էջ :
Other physical details նկ., աղս. ;
Dimensions 22 սմ.
650 14 - SUBJECT ADDED ENTRY--TOPICAL TERM
Topical term or geographic name entry element Անասնակերեր
700 1# - ADDED ENTRY--PERSONAL NAME
Personal name Միշուստին, Ե.Ն.
700 1# - ADDED ENTRY--PERSONAL NAME
Personal name Բարխուդարյան, Խ.
Relator term թարգմ.
Relationship trl
Holdings
Withdrawn status Lost status Damaged status Not for loan Collection Home library Current library Date acquired Total checkouts Full call number Barcode Date last seen Cost, replacement price Price effective from Koha item type Public note
        General Fundamental Scientific Library Fundamental Scientific Library 22/12/2016   AII/17936 FL0008914 22/12/2016 6.00 22/12/2016 Գրքեր / Books 30 Days Loan
        General Fundamental Scientific Library Fundamental Scientific Library 22/12/2016   AII/17937 FL0008915 22/12/2016 6.00 22/12/2016 Գրքեր / Books 30 Days Loan
        General Fundamental Scientific Library Fundamental Scientific Library 22/12/2016   AII/17938 FL0008916 22/12/2016 6.00 22/12/2016 Գրքեր / Books 30 Days Loan


ՀՀ ԳԱԱ հիմնարար գիտական գրադարան
ՀՀ,Երևան 0019
Մարշալ Բաղրամյան 24/6
հեռախոս:(374-10) 52-47-50
Հետադարձ կապ

All site content, except where otherwise noted, is licensed under a
Creative Commons License